[Event "Challenge"]
[Site "http://www.queenalice.com/game.php?id=427287"]
[Date "2008.7.4"]
[Round "-"]
[White "enzoiazo"]
[Black "barechess"]
[Result "1/2-1/2"]
[WhiteElo "2108"]
[BlackElo "2200"]

1. d4 d5 2. Nf3 Nf6 3. Bf4 c5 4. e3 Nc6 5. c3 e6 6. Bd3 Be7 7. h3 O-O 8. Nbd2 b6
9. O-O Bb7 10. Qe2 cxd4 11. exd4 Nh5 12. Bh2 Nf6 13. Ne5 Bd6 14. f4 Rc8 15. g4
h6 16. Bg3 Qc7 17. h4 g6 18. h5 gxh5 19. Bh4 Ne8 20. gxh5 Be7 21. Bxe7 Qxe7 22.
Qe3 Nf6 23. Kh1 Ne4 24. Rg1+ Kh8 25. Rg4 Rg8 26. Rag1 Rxg4 27. Rxg4 Rg8 28.
Rxg8+ Kxg8 29. Nxe4 dxe4 30. Qg3+ Kh8 31. Bc2 Nxe5 32. fxe5 e3+ 33. Kg1 Qe8 34.
Bd3 Qc6 35. Kf1 Qh1+ 36. Ke2 Qxh5+ 37. Kxe3 Qd1 38. Qf2 Qc1+ 39. Qd2 Qh1 1/2-1/2

[Event "AUTO-MASTER-558"]
[Site "http://www.queenalice.com/game.php?id=427846"]
[Date "2008.7.5"]
[Round "1"]
[White "luhosavi"]
[Black "barechess"]
[Result "1-0"]
[WhiteElo "2121"]
[BlackElo "2120"]

1. d4 d5 2. c4 dxc4 3. e4 Nf6 4. e5 Nd5 5. Bxc4 Nb6 6. Bb3 Nc6 7. Nf3 Bg4 8.
Bxf7+ Kxf7 9. Ng5+ Ke8 10. Qxg4 Qxd4 11. Qe2 Qxe5 12. Be3 Qf5 13. Nc3 h6 14. Nf3
e6 15. O-O 1-0

[Event "AUTO-MASTER-558"]
[Site "http://www.queenalice.com/game.php?id=427847"]
[Date "2008.7.5"]
[Round "1"]
[White "barechess"]
[Black "luhosavi"]
[Result "0-1"]
[WhiteElo "2108"]
[BlackElo "2133"]

1. d4 d5 2. Nf3 Nf6 3. Bg5 e6 4. e3 Bb4+ 5. Nbd2 O-O 6. Bd3 b6 7. O-O Bb7 8. Rc1
Nbd7 9. c4 dxc4 10. Nxc4 Be7 11. Bf4 c5 12. Nd6 Bc6 13. a3 Nd5 14. Bg3 N7f6 15.
Nc4 Qc8 0-1

[Event "AUTO-MASTER-558"]
[Site "http://www.queenalice.com/game.php?id=427860"]
[Date "2008.7.5"]
[Round "1"]
[White "barechess"]
[Black "salso"]
[Result "0-1"]
[WhiteElo "1975"]
[BlackElo "2041"]

1. e4 e5 2. Nf3 d6 3. d4 Nd7 4. Bc4 c6 5. O-O Be7 6. dxe5 dxe5 7. Qe2 Ngf6 8.
Rd1 Qc7 9. Ng5 O-O 10. Bxf7+ Kh8 11. Ne6 Qb6 0-1

[Event "AUTO-MASTER-558"]
[Site "http://www.queenalice.com/game.php?id=427861"]
[Date "2008.7.5"]
[Round "1"]
[White "salso"]
[Black "barechess"]
[Result "1-0"]
[WhiteElo "2027"]
[BlackElo "1989"]

1. d4 d5 2. e3 Nf6 3. Bd3 Nc6 4. f4 Nb4 5. Bd2 Nxd3+ 6. cxd3 Bf5 7. Qb3 e6 8.
Nf3 Rb8 9. O-O Be7 10. Nh4 Bg4 11. Nf3 O-O 12. Bb4 1-0

[Event "AUTO-MASTER-558"]
[Site "http://www.queenalice.com/game.php?id=427863"]
[Date "2008.7.5"]
[Round "1"]
[White "mad_knight"]
[Black "barechess"]
[Result "0-1"]
[WhiteElo "1959"]
[BlackElo "2175"]

1. e4 e6 2. d4 d5 3. Nd2 dxe4 4. Nxe4 Nd7 5. Ng5 Ngf6 6. Bd3 h6 7. N5f3 Bd6 8.
Qe2 O-O 9. Ne5 c5 10. Ngf3 cxd4 11. O-O Nxe5 12. Nxe5 b6 0-1

[Event "Challenge"]
[Site "http://www.queenalice.com/game.php?id=428256"]
[Date "2008.7.6"]
[Round "-"]
[White "scaramouche"]
[Black "barechess"]
[Result "0-1"]
[WhiteElo "1811"]
[BlackElo "2207"]

1. e4 e6 2. Qe2 c5 3. Nf3 Nc6 4. g3 Nf6 5. d3 d5 6. e5 Nd7 7. Bg2 Qc7 8. Bf4 Be7
9. O-O h6 10. Nc3 g5 11. Bd2 g4 12. Ne1 Rg8 13. Bxh6 Nd4 14. Qd2 Qb6 15. b3 Qa5
16. Bf4 Qxc3 17. Rd1 b6 18. Qe3 Ba6 19. Rd2 Nc6 20. h3 gxh3 21. Bxh3 Rh8 22. Bg2
Ndxe5 23. Nf3 Nxf3+ 24. Bxf3 O-O-O 25. a4 e5 26. Bg4+ Kb8 27. Bg5 Bxg5 28. f4
exf4 29. gxf4 Rde8 30. Qg3 Bh4 31. Qg2 Qd4+ 0-1

[Event "Challenge"]
[Site "http://www.queenalice.com/game.php?id=428257"]
[Date "2008.7.6"]
[Round "-"]
[White "barechess"]
[Black "scaramouche"]
[Result "1-0"]
[WhiteElo "2200"]
[BlackElo "1792"]

1. e4 c5 2. Nf3 Nc6 3. d4 cxd4 4. Nxd4 Qb6 5. Nb3 Nf6 6. Nc3 e6 7. Bd3 Be7 8.
Be3 Qd8 9. O-O O-O 10. f4 d6 11. Qe2 a6 12. a4 Qc7 13. a5 Nd7 14. Bc4 Nc5 15.
Qf2 b5 16. axb6 Qxb6 17. e5 Qb4 18. exd6 Nxb3 19. dxe7 Nxa1 20. Bc5 1-0

[Event "Challenge"]
[Site "http://www.queenalice.com/game.php?id=429514"]
[Date "2008.7.8"]
[Round "-"]
[White "polaris"]
[Black "barechess"]
[Result "1-0"]
[WhiteElo "2292"]
[BlackElo "2163"]

1. f4 Nf6 2. Nf3 g6 3. g3 Bg7 4. Bg2 d5 5. d3 O-O 6. O-O Nc6 7. Na3 Be6 8. c3
Qd6 9. Nb5 Qc5+ 10. Nbd4 Nxd4 11. cxd4 Qb6 12. Bd2 Nd7 13. Bc3 c5 14. e3 Rac8
15. Qa4 Rfd8 16. Qa3 Qb5 17. Rf2 Bf5 18. Rd2 Bxd3 19. dxc5 Bxc3 20. Qxc3 Be4 21.
b4 a5 22. a3 Qa4 23. Nd4 Bxg2 24. Kxg2 Nb6 25. Rdd1 e6 26. Kg1 Re8 27. Nb3 Nc4
28. e4 Rcd8 29. Rd3 h6 30. f5 Rd7 31. fxg6 fxg6 32. Rf3 Rg7 33. Rf6 Kh7 34. Nd4
Qd7 35. Raf1 Ne5 36. exd5 axb4 37. axb4 exd5 38. b5 Qh3 39. R6f4 1-0

[Event "Challenge"]
[Site "http://www.queenalice.com/game.php?id=431997"]
[Date "2008.7.12"]
[Round "-"]
[White "Fafner"]
[Black "barechess"]
[Result "0-1"]
[WhiteElo "1892"]
[BlackElo "2208"]

1. e4 e6 2. d4 d5 3. Nc3 Bb4 4. e5 Ne7 5. Bg5 c5 6. a3 cxd4 7. axb4 dxc3 8. bxc3
Qc7 9. Qd2 Ng6 10. Nf3 Nc6 11. Bd3 Ngxe5 12. Qe3 Nxd3+ 13. cxd3 f6 14. Bf4 Qd8
15. Qc5 e5 16. Bd2 Bf5 17. Qb5 a6 18. Qxb7 Bd7 19. b5 Ra7 20. Rxa6 Rxb7 0-1

[Event "Challenge"]
[Site "http://www.queenalice.com/game.php?id=431998"]
[Date "2008.7.12"]
[Round "-"]
[White "barechess"]
[Black "Fafner"]
[Result "1-0"]
[WhiteElo "2211"]
[BlackElo "1889"]

1. e4 c6 2. d4 d5 3. Nc3 dxe4 4. Nxe4 Bf5 5. Ng3 Bg6 6. Nf3 Nd7 7. Bd3 Bxd3 8.
Qxd3 e6 9. Bf4 Ngf6 10. O-O Qb6 11. c4 Be7 12. Rfe1 h6 13. h3 O-O 14. Rab1 c5
15. d5 Bd6 16. Bxd6 Qxd6 17. Rbd1 exd5 18. Nf5 Qb6 19. Ne7+ Kh8 20. Nxd5 Nxd5
21. cxd5 Qd6 22. Nd2 Nf6 23. Nc4 Qd8 24. Qb3 b6 25. d6 Re8 26. Ne5 1-0

[Event "Challenge"]
[Site "http://www.queenalice.com/game.php?id=432025"]
[Date "2008.7.12"]
[Round "-"]
[White "barechess"]
[Black "chessgoddess"]
[Result "1/2-1/2"]
[WhiteElo "2211"]
[BlackElo "2220"]

1. e4 c5 2. Nc3 Nc6 3. Nf3 d6 4. d4 cxd4 5. Nxd4 Nf6 6. Bc4 e6 7. Bb3 Be7 8. Be3
O-O 9. O-O Na5 10. Qe2 d5 11. Rfd1 a6 12. Nf3 Nxb3 13. axb3 Re8 14. Bd4 Bd7 15.
Ne5 Bb4 16. Nxd7 Nxd7 17. exd5 Bxc3 18. Bxc3 exd5 19. Qf3 Nf6 20. Bxf6 Qxf6 21.
Qxf6 gxf6 22. Kf1 Re5 23. Rd2 Rh5 24. h3 Re8 25. Rad1 Rc8 26. c3 Rc5 27. b4 Rb5
28. f4 Rh4 29. Rd4 a5 30. Kf2 Kg7 31. Kg3 Rh5 32. bxa5 Rxb2 33. Rxd5 Rb5 34.
Rxb5 Rxb5 35. Rd7 f5 36. c4 Rxa5 37. Rxb7 Ra2 38. h4 Ra3+ 39. Kh2 Rc3 40. Rc7
Kg6 41. g3 Rc2+ 42. Kh3 h5 43. Rc5 Kf6 44. Rc6+ Kg7 45. Rc8 Kh7 46. Rc5 Kg6 47.
Rc7 Kg7 48. Rc6 Re2 49. Rb6 Rc2 50. Rb5 Kg6 51. Rb4 Kf6 52. Ra4 Kg6 53. Ra6+ Kg7
54. Ra5 Kg6 55. c5 Kh7 56. Rb5 Kg6 57. Rb6+ Kg7 58. c6 Kg6 59. Ra6 Kg7 60. Ra5
Kg6 61. Ra8 Rxc6 62. Rg8+ Kh6 63. Kg2 Rc2+ 64. Kf3 f6 65. Re8 Kg7 66. Re7+
1/2-1/2

[Event "Challenge"]
[Site "http://www.queenalice.com/game.php?id=432026"]
[Date "2008.7.12"]
[Round "-"]
[White "chessgoddess"]
[Black "barechess"]
[Result "0-1"]
[WhiteElo "2173"]
[BlackElo "2183"]

1. e4 e6 2. d4 d5 3. Nc3 Nf6 4. e5 Nfd7 5. f4 c5 6. Nf3 Nc6 7. Be3 Qb6 8. Na4
Qa5+ 9. c3 cxd4 10. b4 Qc7 11. Nxd4 a6 12. Qd2 g5 13. g3 h5 14. Bg2 h4 15. Nb2
a5 16. Nb5 Qd8 17. Nd6+ Bxd6 18. exd6 axb4 19. cxb4 hxg3 20. hxg3 Rxh1+ 21. Bxh1
gxf4 22. Bxf4 Qb6 0-1